000
00262nam a22001097a 4500
008
170117b xxu||||| |||| 00| 0 eng d
020
_a
9780721687629
041
_a
eng
080
_2
4TH
_a
618.2
245
_a
MEDICAL-SURGICAL NURSING
_c
IGNATAVICIUS
942
_2
udc
_c
BK
999
_c
2999
_d
2999